[Event "Russian Championship B15 1st league 2016"]
[Site "Loo"]
[Date "2016.04.22"]
[Round "3.6"]
[White "Tyurin, Ilya"]
[Black "Moskvin, Anatoly"]
[Result "1-0"]
[WhiteElo "1860"]
[BlackElo "1960"]
[PlyCount "89"]
[EventDate "2016.04.20"]

1. e4 e5 2. Nf3 Nc6 3. d4 exd4 4. Nxd4 Nf6 5. Nxc6 bxc6 6. e5 Qe7 7. Qe2 Nd5 8.
c4 Nb6 9. Nc3 Ba6 10. Qe4 g6 11. c5 Bxf1 12. cxb6 Ba6 13. bxc7 f5 14. exf6
Qxe4+ 15. Nxe4 d5 16. Ng5 Bd6 17. Kd1 Rf8 18. Nxh7 Rf7 19. Ng5 Rxf6 20. Be3 Kd7
21. Rc1 Bxc7 22. Nf3 Rb8 23. b3 Bd3 24. Nd4 Bb6 25. Kd2 Ba6 26. Nf3 Kd6 27. Nd4
c5 28. Ne2 Re8 29. b4 cxb4 30. Nd4 Bc4 31. Rc2 Bc5 32. Nb5+ Kc6 33. Nd4+ Kd7
34. h4 a5 35. h5 gxh5 36. Rxh5 Bxd4 37. Bxd4 Re2+ 38. Kc1 Re1+ 39. Kb2 Rg6 40.
g3 a4 41. a3 Rg4 42. Bc5 Bd3 43. Rxd5+ Kc6 44. Rxd3 b3 45. Bb4+ 1-0

[Event "Russian Championship B15 1st league 2016"]
[Site "Loo"]
[Date "2016.04.22"]
[Round "3.7"]
[White "Mishin, Viacheslav"]
[Black "Vasiliev, Georgiy"]
[Result "0-1"]
[WhiteElo "1949"]
[BlackElo "1886"]
[PlyCount "92"]
[EventDate "2016.04.20"]

1. e4 c5 2. Nf3 e6 3. c3 d5 4. exd5 Qxd5 5. d4 Nf6 6. Be2 cxd4 7. cxd4 Nc6 8.
Nc3 Qd6 9. O-O Be7 10. a3 O-O 11. Bd3 b6 12. Re1 Bb7 13. Bc2 Rfd8 14. Be3 Rac8
15. Qd3 g6 16. Rad1 Nd5 17. Ne4 Qc7 18. Ba4 Nxe3 19. Qxe3 Na5 20. Rc1 Qb8 21.
Ne5 b5 22. Rxc8 Bxc8 23. Bb3 Nxb3 24. Qxb3 Bb7 25. Nc3 Qc8 26. Ne2 a6 27. Rc1
Qb8 28. Qe3 Rc8 29. Nc3 Qc7 30. Re1 Qd6 31. Qf4 f5 32. h4 a5 33. Nd3 Qxf4 34.
Nxf4 b4 35. axb4 axb4 36. Nd1 Rc1 37. Nxe6 Be4 38. Nf4 Bf6 39. Ne2 Rb1 40. Kf1
Bd3 41. Ne3 Rxb2 42. d5 Bc3 43. d6 Bxe2+ 44. Kg1 Bxe1 45. d7 Bxf2+ 46. Kh2 Rd2
0-1

[Event "Russian Championship B15 1st league 2016"]
[Site "Loo"]
[Date "2016.04.22"]
[Round "3.8"]
[White "Asatryan, Gor"]
[Black "Dolgikh, Evgeniy"]
[Result "1-0"]
[WhiteElo "1853"]
[BlackElo "1938"]
[PlyCount "43"]
[EventDate "2016.04.20"]

1. e4 c5 2. Nf3 Nf6 3. e5 Nd5 4. Nc3 Nxc3 5. dxc3 Nc6 6. Bf4 e6 7. Qe2 b6 8.
Ng5 h6 9. Ne4 Bb7 10. O-O-O Be7 11. h4 Qc7 12. Qg4 Rg8 13. Nd6+ Bxd6 14. exd6
Qd8 15. Bxh6 Ne5 16. Qg3 f6 17. f4 Nc6 18. Bd3 f5 19. Bxf5 exf5 20. Qg6+ Kf8
21. Qxf5+ Qf6 22. Qxf6+ 1-0

[Event "Russian Championship B15 1st league 2016"]
[Site "Loo"]
[Date "2016.04.22"]
[Round "3.9"]
[White "Mukhutdinov, Tigran"]
[Black "Safin, Timur"]
[Result "1-0"]
[WhiteElo "2059"]
[BlackElo "1802"]
[PlyCount "101"]
[EventDate "2016.04.20"]

1. e4 e5 2. Nf3 Nc6 3. Bb5 f5 4. d3 Nf6 5. Nc3 d6 6. O-O Be7 7. h3 O-O 8. Bc4+
Kh8 9. Ng5 Qe8 10. exf5 Bxf5 11. Be6 Bg6 12. Bd5 Nxd5 13. Nxd5 Bxg5 14. Bxg5
Qd7 15. f3 h6 16. Bh4 Bf7 17. Ne3 Be6 18. Qe1 Nd4 19. c3 Nf5 20. Nxf5 Bxf5 21.
Qd2 Qb5 22. c4 Qc6 23. Rae1 Rae8 24. Bg3 a6 25. b3 Bg6 26. d4 e4 27. d5 Qd7 28.
f4 b6 29. Bf2 h5 30. Be3 a5 31. Qe2 Qe7 32. g4 Qh4 33. Kg2 a4 34. f5 Bh7 35.
Rf4 axb3 36. axb3 Re7 37. Ref1 Kg8 38. Bd4 hxg4 39. Rxg4 Qh6 40. f6 Rd7 41. Kh2
Bg6 42. Be3 Qh5 43. Qg2 Kh7 44. Rg5 Qh6 45. fxg7 Rg8 46. Bd4 Re7 47. Rg1 Bh5
48. Qg3 Be8 49. Rg4 Bh5 50. Rh4 Rf7 51. Qg5 1-0

[Event "Russian Championship B15 1st league 2016"]
[Site "Loo"]
[Date "2016.04.22"]
[Round "3.10"]
[White "Glukhov, Dmitriy"]
[Black "Marchuk, Rostislav"]
[Result "1/2-1/2"]
[WhiteElo "1824"]
[BlackElo "2039"]
[PlyCount "81"]
[EventDate "2016.04.20"]

1. d4 Nf6 2. c4 d6 3. Nc3 Nbd7 4. e3 e5 5. Bd3 Be7 6. Nge2 O-O 7. O-O Re8 8. b3
c6 9. Bb2 a6 10. a4 a5 11. Rc1 Bf8 12. Ng3 g6 13. Bb1 Qb6 14. Nce4 Qc7 15. Re1
Nxe4 16. Nxe4 f5 17. Ng3 Nf6 18. c5 e4 19. cxd6 Bxd6 20. Nf1 Nd5 21. h3 Bb4 22.
Nd2 Be6 23. Re2 Bxd2 24. Qxd2 Qb6 25. Qc2 f4 26. Qc5 fxe3 27. fxe3 Qxc5 28.
Rxc5 Nb4 29. Rc3 Bd5 30. Ba3 Re6 31. Rb2 Kg7 32. Bxb4 axb4 33. Rcc2 Ree8 34.
Rf2 Ra5 35. Rf4 Raa8 36. Bc2 Rf8 37. Rxf8 Kxf8 38. Bd1 Ke7 39. Kf1 Rf8+ 40. Rf2
Rxf2+ 41. Kxf2 1/2-1/2

[Event "Russian Championship B15 1st league 2016"]
[Site "Loo"]
[Date "2016.04.22"]
[Round "3.11"]
[White "Adyrbaev, Albert"]
[Black "Babunov, Alexander"]
[Result "1-0"]
[WhiteElo "2022"]
[BlackElo "1780"]
[PlyCount "75"]
[EventDate "2016.04.20"]

1. e4 g6 2. d4 Bg7 3. Nc3 d6 4. Be3 Nc6 5. Qd2 e5 6. d5 Nce7 7. O-O-O f5 8. f3
f4 9. Bf2 Nf6 10. g3 g5 11. h4 gxh4 12. gxf4 exf4 13. Qxf4 Ng6 14. Qd2 Qe7 15.
Kb1 Bd7 16. Nb5 Bxb5 17. Bxb5+ Nd7 18. f4 a6 19. Bxd7+ Qxd7 20. Bd4 O-O-O 21.
Bxg7 Qxg7 22. Nf3 Rhf8 23. f5 Ne5 24. Nxe5 dxe5 25. Rxh4 Rd6 26. Qh2 h6 27. Rg1
Qf6 28. a3 Qh8 29. Rh1 Rg8 30. Ka2 Qg7 31. Rxh6 Rxh6 32. Qxh6 Qg2 33. Rh2 Qg4
34. Qe6+ Kb8 35. f6 Qg3 36. f7 Rd8 37. Qe8 Qg5 38. f8=Q 1-0

[Event "Russian Championship B15 1st league 2016"]
[Site "Loo"]
[Date "2016.04.22"]
[Round "3.12"]
[White "Novikov, Roman"]
[Black "Bratchikov, Vladislav"]
[Result "1/2-1/2"]
[WhiteElo "2021"]
[BlackElo "1815"]
[PlyCount "80"]
[EventDate "2016.04.20"]

1. e4 c6 2. Nc3 d5 3. Nf3 Bg4 4. exd5 cxd5 5. Bb5+ Nc6 6. h3 Bxf3 7. Qxf3 e6 8.
d3 Nf6 9. Bg5 Be7 10. O-O O-O 11. Bxc6 bxc6 12. Ne2 h6 13. Bh4 Nd7 14. Bg3 e5
15. Qf5 g6 16. Qg4 Kh7 17. Qa4 Qb6 18. d4 e4 19. c4 Nf6 20. b3 Nh5 21. Bh2 f5
22. Be5 f4 23. f3 Bf6 24. c5 Qb7 25. fxe4 Bxe5 26. dxe5 Qc7 27. e6 Qe5 28. Rad1
f3 29. gxf3 Ng3 30. Rf2 Nxe2+ 31. Rxe2 Qg3+ 32. Rg2 Qxf3 33. Qd4 Rf4 34. Qd3
Qxd3 35. Rxd3 Rxe4 36. Rf3 Rxe6 37. Rf7+ Kg8 38. Rc7 a5 39. Rf2 a4 40. Rff7
axb3 1/2-1/2

[Event "Russian Championship B15 1st league 2016"]
[Site "Loo"]
[Date "2016.04.22"]
[Round "3.13"]
[White "Grigoriants, Boris"]
[Black "Marchenko, Nikolay"]
[Result "0-1"]
[WhiteElo "1801"]
[BlackElo "1995"]
[PlyCount "96"]
[EventDate "2016.04.20"]

1. e4 c5 2. Nf3 e6 3. Nc3 Nc6 4. d3 g6 5. g3 Bg7 6. Bg2 Nge7 7. O-O O-O 8. Be3
Nd4 9. Qd2 d6 10. Bh6 Rb8 11. Bxg7 Kxg7 12. Ne2 e5 13. c3 Nxe2+ 14. Qxe2 Bg4
15. h3 Bxf3 16. Bxf3 Nc6 17. Bg2 b5 18. f4 f6 19. f5 g5 20. h4 h6 21. hxg5 hxg5
22. Bf3 Qc7 23. Kg2 Rh8 24. Rh1 a5 25. Bh5 Ne7 26. Rh2 Rbd8 27. Rah1 Qc8 28.
Kf1 Qa8 29. Rh3 Rdg8 30. Qh2 d5 31. Bf3 Rxh3 32. Qxh3 Rh8 33. Qxh8+ Qxh8 34.
Rxh8 Kxh8 35. g4 d4 36. Ke1 Nc8 37. Kd2 Nb6 38. Be2 Kg7 39. Kc2 Kf7 40. Bf1 Ke7
41. Be2 Kd6 42. Bf1 c4 43. Be2 Kc5 44. Bf1 cxd3+ 45. Bxd3 dxc3 46. Kxc3 b4+ 47.
Kc2 Kd4 48. Kd2 Na4 0-1

[Event "Russian Championship B15 1st league 2016"]
[Site "Loo"]
[Date "2016.04.22"]
[Round "3.14"]
[White "Volkov, Andrey"]
[Black "Martyntsev, Roman"]
[Result "1-0"]
[WhiteElo "1935"]
[BlackElo "1768"]
[PlyCount "89"]
[EventDate "2016.04.20"]

1. e4 Nf6 2. e5 Nd5 3. Nf3 d6 4. Bc4 Nb6 5. Bb3 e6 6. O-O Be7 7. d4 O-O 8. c3
Bd7 9. Bc2 Bc6 10. Qd3 g6 11. Bh6 Re8 12. Nbd2 N8d7 13. Ne4 dxe5 14. dxe5 Nc5
15. Qe2 Nxe4 16. Bxe4 Bxe4 17. Qxe4 Qd5 18. Qf4 Qc4 19. Qg3 Nd5 20. Rad1 Qxa2
21. Bg5 Kg7 22. Bxe7 Nxe7 23. Qg5 Nd5 24. Rd4 h6 25. Qg3 Qxb2 26. c4 Ne7 27.
Qf4 Ng8 28. Qh4 Re7 29. Rfd1 a5 30. h3 a4 31. Rd8 Re8 32. R8d7 a3 33. Rxf7+
Kxf7 34. Qf4+ Kg7 35. Rd7+ Re7 36. Rxe7+ Nxe7 37. Qf6+ Kg8 38. Qxe6+ Kf8 39.
Qf6+ Ke8 40. Nd4 Qb1+ 41. Kh2 Qb6 42. e6 Qd6+ 43. g3 Qxd4 44. Qf7+ Kd8 45. Qf8#
1-0

[Event "Russian Championship B15 1st league 2016"]
[Site "Loo"]
[Date "2016.04.22"]
[Round "3.15"]
[White "Arbuzov, Mikhail"]
[Black "Arkhipenko, Denis"]
[Result "1-0"]
[WhiteElo "1925"]
[BlackElo "1757"]
[PlyCount "65"]
[EventDate "2016.04.20"]

1. d4 e6 2. c4 d5 3. Nc3 Be7 4. e3 Nf6 5. Bd3 O-O 6. Nge2 c5 7. O-O Nc6 8. b3
b6 9. Bb2 Bb7 10. Rc1 Qd7 11. Qd2 Rfd8 12. Rfd1 Rac8 13. cxd5 Nxd5 14. Nxd5
Qxd5 15. Nf4 Qg5 16. Nh3 Qh6 17. dxc5 Bxc5 18. Qe2 Nb4 19. Bc4 Nd5 20. Bxd5
Bxd5 21. Nf4 Bb7 22. Qg4 Bd6 23. Rxc8 Bxc8 24. Be5 Be7 25. Rxd8+ Bxd8 26. Qf3
Qg5 27. Qc6 h6 28. Qxc8 Qxe5 29. Qxd8+ Kh7 30. Qd3+ g6 31. Qb1 f5 32. Qd1 g5
33. Qd7+ 1-0

[Event "Russian Championship B15 1st league 2016"]
[Site "Loo"]
[Date "2016.04.22"]
[Round "3.16"]
[White "Smirnov, Roman"]
[Black "Stepanov, Andrey"]
[Result "0-1"]
[WhiteElo "1792"]
[BlackElo "1922"]
[PlyCount "59"]
[EventDate "2016.04.20"]

1. d4 Nf6 2. Nf3 g6 3. c4 Bg7 4. Nc3 d5 5. Bg5 Ne4 6. cxd5 Nxg5 7. Nxg5 e6 8.
Qd2 Bh6 9. f4 Bxg5 10. fxg5 exd5 11. Qe3+ Be6 12. Qe5 O-O 13. h4 Nd7 14. Qg3 f6
15. O-O-O fxg5 16. hxg5 c6 17. e4 dxe4 18. Nxe4 Qa5 19. Nd6 Qxa2 20. Qh4 h5 21.
Bd3 Qa1+ 22. Kc2 Qa4+ 23. Kc1 Ne5 24. Qe4 Nxd3+ 25. Rxd3 Qa1+ 26. Kc2 Rf2+ 27.
Rd2 Rxd2+ 28. Kxd2 Qxb2+ 29. Kd1 Bg4+ 30. Ke1 0-1

[Event "Russian Championship B15 1st league 2016"]
[Site "Loo"]
[Date "2016.04.22"]
[Round "3.17"]
[White "Kisarov, Timur"]
[Black "Suvorov, Aleksandr"]
[Result "0-1"]
[WhiteElo "1697"]
[BlackElo "1907"]
[PlyCount "66"]
[EventDate "2016.04.20"]

1. e4 c5 2. c3 d5 3. exd5 Qxd5 4. d4 Nc6 5. Nf3 Bg4 6. Be2 cxd4 7. cxd4 e6 8.
Nc3 Qa5 9. O-O Nf6 10. Bf4 Be7 11. Qd2 O-O 12. Rfd1 Rfd8 13. Qc2 Bxf3 14. Bxf3
Rxd4 15. Bxc6 Rxd1+ 16. Rxd1 bxc6 17. a3 Nd5 18. Nxd5 cxd5 19. Qc6 Rf8 20. Rc1
d4 21. Qd7 Bg5 22. Bxg5 Qxg5 23. Rd1 Rd8 24. Qxa7 Qh5 25. f3 Qe5 26. Qa6 d3 27.
Qb6 Rd4 28. Qa6 h6 29. Qc8+ Kh7 30. Qc3 d2 31. Qc2+ f5 32. h3 Qe3+ 33. Kf1 g5
0-1

[Event "Russian Championship B15 1st league 2016"]
[Site "Loo"]
[Date "2016.04.22"]
[Round "3.18"]
[White "Zavialov, Nikita A"]
[Black "Shilo, Kirill"]
[Result "1-0"]
[WhiteElo "1883"]
[BlackElo "1586"]
[PlyCount "123"]
[EventDate "2016.04.20"]

1. e4 d6 2. d4 Nf6 3. Bd3 e5 4. c3 Be7 5. Nf3 Nbd7 6. Be3 O-O 7. h3 c6 8. O-O
Re8 9. Nbd2 Qc7 10. Re1 Bf8 11. Qc2 g6 12. Rad1 Bg7 13. a4 a5 14. Nc4 h6 15.
Bf1 exd4 16. Bxd4 Bf8 17. e5 dxe5 18. Nfxe5 Bg7 19. Nxd7 Bxd7 20. Be5 Qd8 21.
Nd6 Rxe5 22. Rxe5 Nd5 23. Ree1 Qc7 24. c4 Qxd6 25. cxd5 cxd5 26. Bc4 d4 27. Qb3
Kh7 28. Bxf7 Bc6 29. Re6 Qb4 30. Bxg6+ Kh8 31. Qxb4 axb4 32. Be4 Bxe4 33. Rxe4
Rxa4 34. Re8+ Kh7 35. Re7 Ra2 36. Rxd4 Kg6 37. Rg4+ Kf6 38. Rgxg7 Rxb2 39. Rxb7
Rb1+ 40. Kh2 Ke5 41. Rg6 Kd4 42. Rgb6 Kc3 43. Rxb4 Rxb4 44. Rxb4 Kxb4 45. Kg3
Kc4 46. Kg4 Kd5 47. Kh5 Ke5 48. Kxh6 Kf5 49. g4+ Kf6 50. g5+ Kf7 51. g6+ Kg8
52. g7 Kf7 53. Kh7 Kf6 54. g8=Q Kf5 55. Qe8 Kf4 56. Kg6 Kf3 57. Qe3+ Kg2 58.
Kg5 Kh2 59. Kg4 Kg1 60. Kg3 Kf1 61. Qe4 Kg1 62. Qg2# 1-0

[Event "Russian Championship B15 1st league 2016"]
[Site "Loo"]
[Date "2016.04.22"]
[Round "3.19"]
[White "Hein, Vladimir"]
[Black "Dolgirev, Lev"]
[Result "1-0"]
[WhiteElo "1866"]
[BlackElo "1448"]
[PlyCount "67"]
[EventDate "2016.04.20"]

1. d4 d5 2. c4 e6 3. cxd5 exd5 4. Nc3 Nf6 5. Bg5 Be7 6. e3 c6 7. Qc2 h6 8. Bxf6
Bxf6 9. b4 a6 10. Nf3 O-O 11. Be2 Bg4 12. O-O Re8 13. h3 Bh5 14. a4 Nd7 15. b5
Qa5 16. bxc6 bxc6 17. Rfc1 Bg6 18. Bd3 Bxd3 19. Qxd3 Nb6 20. Nd2 Red8 21. Rcb1
Be7 22. Nb3 Qb4 23. Nc5 Qc4 24. Rxb6 Bxc5 25. Qxc4 dxc4 26. dxc5 Rd3 27. Rc1 a5
28. Rxc6 Rb8 29. Rb6 Rc8 30. Rb5 Ra8 31. c6 Rc8 32. Rc5 Rd6 33. c7 Rd7 34. Nb5
1-0

[Event "Russian Championship B15 1st league 2016"]
[Site "Loo"]
[Date "2016.04.22"]
[Round "3.20"]
[White "Yangutov, Aleksey"]
[Black "Medvedev, Semen"]
[Result "1/2-1/2"]
[WhiteElo "1723"]
[BlackElo "1856"]
[PlyCount "146"]
[EventDate "2016.04.20"]

1. d4 Nf6 2. c4 g6 3. Nc3 d6 4. e4 Bg7 5. f3 O-O 6. Be3 Nc6 7. Nge2 a6 8. Qd2
Rb8 9. Nc1 e5 10. Nb3 exd4 11. Nxd4 Ne5 12. Be2 c5 13. Nc2 Be6 14. b3 Qc7 15.
O-O Rfd8 16. Rad1 b5 17. cxb5 d5 18. bxa6 dxe4 19. Qc1 Nd3 20. Bxd3 exd3 21.
Bf4 Qa7 22. Bxb8 Qxb8 23. Ne1 c4 24. Qa3 Qb6+ 25. Kh1 Ne8 26. Ne4 Nc7 27. bxc4
Bxc4 28. Nxd3 Nxa6 29. Rfe1 Bf8 30. Qc3 Qd4 31. Nf6+ Kg7 32. Qxd4 Rxd4 33. Ne8+
Kg8 34. Ne5 Rxd1 35. Rxd1 Bxa2 36. Ng4 Be7 37. Nef6+ Bxf6 38. Nxf6+ Kg7 39.
Ne8+ Kf8 40. Nf6 Kg7 41. Ne4 Be6 42. Kg1 Nb4 43. Kf2 h5 44. Rd2 Nc6 45. Nc5 Bf5
46. Nb7 Ne7 47. h3 Kf6 48. g4 hxg4 49. hxg4 Be6 50. Nc5 Bc4 51. Ne4+ Kg7 52.
Nd6 Be6 53. Kg3 g5 54. Ne4 Kg6 55. Rd8 f5 56. Rd6 fxe4 57. Rxe6+ Kf7 58. Rxe4
Ng6 59. Ra4 Kf6 60. Kf2 Ne7 61. Ra6+ Kf7 62. Ra7 Kf6 63. Rxe7 Kxe7 64. Ke3 Kd7
65. Kd3 Ke7 66. Ke4 Ke6 67. Ke3 Ke5 68. Kd3 Kd5 69. Ke3 Ke5 70. Kd3 Kd5 71. Ke3
Ke5 72. f4+ gxf4+ 73. Kf3 Kf6 1/2-1/2

[Event "Russian Championship B15 1st league 2016"]
[Site "Loo"]
[Date "2016.04.22"]
[Round "3.21"]
[White "Klimashkin, Igor"]
[Black "Sanarov, Leonid"]
[Result "0-1"]
[WhiteElo "1584"]
[BlackElo "1849"]
[PlyCount "120"]
[EventDate "2016.04.20"]

1. e4 d6 2. d4 g6 3. Nf3 Bg7 4. Bc4 Nf6 5. Nbd2 O-O 6. O-O Nxe4 7. Nxe4 d5 8.
Ned2 dxc4 9. Nxc4 Nc6 10. c3 Bf5 11. Bf4 e6 12. Re1 Ne7 13. h3 h5 14. Nh2 Nd5
15. Bc1 h4 16. Nf3 Bf6 17. Qd2 b5 18. Nce5 Bg7 19. Ng4 f6 20. Nxh4 Bxg4 21.
hxg4 g5 22. Nf3 Kf7 23. Qe2 Qd7 24. Qd3 Rh8 25. Bd2 Bf8 26. Bxg5 Bd6 27. Bd2
Rag8 28. g5 Nf4 29. Bxf4 Bxf4 30. gxf6 Kxf6 31. Qe4 Rg4 32. Ne5 Bh2+ 33. Kf1
Rxe4 34. Nxd7+ Ke7 35. Rxe4 Bd6 36. Rae1 Kxd7 37. g3 Rf8 38. Kg2 Rf6 39. b3 a6
40. f3 Rg6 41. Rg4 Rh6 42. Rh1 Rf6 43. Rg7+ Kc6 44. g4 a5 45. Rhh7 e5 46. dxe5
Bxe5 47. Rf7 Rg6 48. f4 Bd6 49. Kf3 Kd5 50. f5 Rg8 51. Rf6 a4 52. Rh1 a3 53.
Rg1 Rh8 54. g5 Rh3+ 55. Kg4 Rh2 56. Rd1+ Kc5 57. Ra1 Be5 58. b4+ Kd5 59. Rd1+
Ke4 60. Re6 Rg2+ 0-1

[Event "Russian Championship B15 1st league 2016"]
[Site "Loo"]
[Date "2016.04.22"]
[Round "3.22"]
[White "Shmelev, Mikhail"]
[Black "Gagarin, Vasily"]
[Result "1-0"]
[WhiteElo "1589"]
[BlackElo "1831"]
[PlyCount "109"]
[EventDate "2016.04.20"]

1. e4 e6 2. d4 d5 3. Nc3 Nf6 4. Bg5 Be7 5. e5 Nfd7 6. Bxe7 Qxe7 7. f4 O-O 8.
Nf3 a6 9. Qd2 c5 10. O-O-O Nc6 11. dxc5 Qxc5 12. Nd4 Qxd4 13. Qxd4 Nxd4 14.
Rxd4 b6 15. g3 Bb7 16. Bg2 Rac8 17. Re1 b5 18. f5 Nb6 19. fxe6 fxe6 20. Bh3
Rce8 21. Rf4 Rxf4 22. gxf4 g6 23. Ne2 Kf7 24. Nd4 Bc8 25. b3 Bd7 26. a3 Ke7 27.
Kd2 Ra8 28. Ke3 Rc8 29. Rd1 a5 30. Bg4 a4 31. h4 axb3 32. cxb3 Ra8 33. Ra1 b4
34. a4 Rc8 35. Kd2 Rc3 36. Bf3 Na8 37. Rc1 Rxc1 38. Kxc1 Nc7 39. Be2 Kd8 40.
Nc2 Kc8 41. Nxb4 Kb7 42. Kc2 Kb6 43. Kc3 Ka5 44. Nc2 Kb6 45. Kb4 Bc8 46. Nd4
Ba6 47. a5+ Kb7 48. Bxa6+ Nxa6+ 49. Kb5 Nc7+ 50. Kc5 Ka6 51. b4 h5 52. Kc6 Ne8
53. Nxe6 Ka7 54. b5 Kb8 55. b6 1-0

[Event "Russian Championship B15 1st league 2016"]
[Site "Loo"]
[Date "2016.04.22"]
[Round "3.23"]
[White "Rovnov, Vladislav"]
[Black "Kolkhidov, Azamat"]
[Result "1-0"]
[WhiteElo "1993"]
[BlackElo "1655"]
[PlyCount "89"]
[EventDate "2016.04.20"]

1. d4 d5 2. Nf3 Nf6 3. g3 e6 4. Bg2 Be7 5. O-O O-O 6. c4 c6 7. Qd3 Nbd7 8. Nc3
h6 9. e4 dxe4 10. Nxe4 Nxe4 11. Qxe4 Nb6 12. b3 Bf6 13. Bb2 Qe7 14. Rad1 Qb4
15. Ne5 Bxe5 16. dxe5 a5 17. Qh4 Nd7 18. Rfe1 Nc5 19. Bc1 Kh7 20. Be4+ Nxe4 21.
Rxe4 Qc3 22. Qe7 Qf3 23. Rde1 Rg8 24. Bb2 b5 25. Rf4 Qd3 26. Qd6 Qc2 27. Qxc6
Ra6 28. Qe4+ Qxe4 29. Rfxe4 bxc4 30. Rxc4 g6 31. Rc7 Kg7 32. Rec1 Ra8 33. Re7
Rb8 34. Rcc7 Rf8 35. Ba3 Rb5 36. Bd6 g5 37. g4 Rd5 38. Ra7 Rd4 39. f3 Rf4 40.
Rec7 Rd8 41. Ra8 Bb7 42. Rxd8 Bxf3 43. h3 Bd5 44. Rcc8 f6 45. Rd7+ 1-0

[Event "Russian Championship B15 1st league 2016"]
[Site "Loo"]
[Date "2016.04.22"]
[Round "3.24"]
[White "Galkin, Vladislav"]
[Black "Tambovtsev, Daniil"]
[Result "1/2-1/2"]
[WhiteElo "1659"]
[BlackElo "1864"]
[PlyCount "128"]
[EventDate "2016.04.20"]

1. d4 d5 2. Nf3 e6 3. c4 Nf6 4. g3 c5 5. dxc5 Bxc5 6. Bg2 Qa5+ 7. Qd2 Bb4 8.
Nc3 O-O 9. a3 dxc4 10. O-O Bxc3 11. Qxc3 Qxc3 12. bxc3 Nd5 13. Bd2 Nc6 14. e4
Nf6 15. Rfe1 b6 16. Bg5 Nd7 17. e5 h6 18. Nd4 Nxd4 19. cxd4 Ba6 20. Bxa8 Rxa8
21. Be7 Rc8 22. a4 Bb7 23. Rec1 Bd5 24. Bb4 Nb8 25. Bc3 Nc6 26. f4 Rd8 27. Kf2
Rb8 28. Ke3 Ne7 29. g4 h5 30. h3 Bg2 31. gxh5 Nf5+ 32. Kf2 Be4 33. Ra2 Rd8 34.
Rb2 Bc6 35. Ra2 Kh7 36. Rb1 Rc8 37. Rb4 Bd7 38. Ba1 c3 39. Rc2 Ne7 40. Rxc3
Rxc3 41. Bxc3 Nd5 42. Rc4 Kh6 43. Bd2 Kxh5 44. Kg3 a5 45. Kf3 Kh6 46. Ke4 Kh7
47. f5 Be8 48. Bg5 g6 49. fxe6 fxe6 50. Bd8 Bxa4 51. Rc8 Bd7 52. Rb8 Bc6 53.
Kd3 Nf4+ 54. Kd2 Bd5 55. Bf6 g5 56. Bxg5 Nxh3 57. Be3 a4 58. Rxb6 a3 59. Rb1 a2
60. Ra1 Kg6 61. Kc2 Kf5 62. Kb2 Ke4 63. Rh1 Kxe3 64. Rxh3+ Kxd4 1/2-1/2

[Event "Russian Championship B15 1st league 2016"]
[Site "Loo"]
[Date "2016.04.22"]
[Round "3.25"]
[White "Zharikov, Dmitry"]
[Black "Kumargaliev, Marsel"]
[Result "1/2-1/2"]
[WhiteElo "1644"]
[BlackElo "1838"]
[PlyCount "80"]
[EventDate "2016.04.20"]

1. e4 c5 2. Nf3 d6 3. d4 cxd4 4. Nxd4 Nf6 5. Nc3 Nc6 6. f3 e5 7. Nb3 Be7 8. Be3
Be6 9. Nd5 Bxd5 10. exd5 Nb8 11. a4 O-O 12. Be2 Nh5 13. Qd2 Nd7 14. O-O Nc5 15.
Nxc5 dxc5 16. c4 Bd6 17. Bd3 a5 18. Bc2 Qh4 19. b3 f5 20. Bf2 Qf6 21. g3 b6 22.
Rae1 Rae8 23. Qd1 g6 24. Re2 Ng7 25. Be1 Qd8 26. Bc3 Rf7 27. Rfe1 Qc7 28. Kg2
Rfe7 29. Qa1 Nh5 30. Re3 Nf6 31. Bb1 Nd7 32. R3e2 Rf8 33. Bc2 Qc8 34. Qb2 Qe8
35. Bb1 Qf7 36. Kg1 Rfe8 37. Kg2 Rf8 38. Kg1 Rfe8 39. Kg2 Rf8 40. Kg1 Rfe8
1/2-1/2

[Event "Russian Championship B15 1st league 2016"]
[Site "Loo"]
[Date "2016.04.22"]
[Round "3.26"]
[White "Lipilin, Ilia"]
[Black "Volkov, Grigoriy"]
[Result "1-0"]
[WhiteElo "1827"]
[BlackElo "1667"]
[PlyCount "183"]
[EventDate "2016.04.20"]

1. d4 d5 2. c4 c6 3. Nf3 Nf6 4. Nc3 e6 5. cxd5 exd5 6. Bg5 Bd6 7. e3 O-O 8. Bd3
Bg4 9. O-O Nbd7 10. Rc1 Qb8 11. h3 Bh5 12. a3 h6 13. Bxf6 Nxf6 14. b4 Re8 15.
Be2 Bg6 16. Qb3 a6 17. a4 Ne4 18. Nxe4 Bxe4 19. b5 axb5 20. axb5 Ra3 21. Qd1
Rc8 22. Nd2 Bf5 23. Nb1 Ra2 24. Nc3 Rb2 25. Bd3 Bxd3 26. Qxd3 Re8 27. Rb1 Rxb1
28. Rxb1 Qc7 29. Rc1 Qd7 30. bxc6 bxc6 31. Qa6 Re6 32. Qa8+ Re8 33. Qa4 Qe6 34.
Kf1 Rc8 35. Qa6 Bc7 36. Na4 Bh2 37. Nc5 Qe8 38. g3 Ra8 39. Qe2 Bxg3 40. fxg3
Ra3 41. Re1 Qb8 42. Qf2 Qa7 43. Qf5 Qb8 44. Qf4 Qc8 45. g4 Ra2 46. Rb1 Ra8 47.
Kg2 Qd8 48. Kg3 g5 49. Qe5 Qf8 50. Rf1 Re8 51. Qf6 Rxe3+ 52. Kg2 Qg7 53. Qf2
Re7 54. Rb1 Qf8 55. Qf6 Ra7 56. Qe5 Re7 57. Rb8 Rxe5 58. Rxf8+ Kxf8 59. dxe5
Ke7 60. Kf3 f6 61. e6 Kd6 62. Ke3 Ke7 63. Kf3 Kd6 64. Kg3 Ke7 65. h4 Kd6 66. h5
Ke7 67. Kf3 Kd6 68. Ke3 Ke7 69. Kd4 Kd6 70. Nb7+ Kxe6 71. Nd8+ Ke7 72. Nxc6+
Ke6 73. Nb4 f5 74. Nxd5 fxg4 75. Ke4 g3 76. Ne3 Kf6 77. Kf3 g2 78. Nxg2 Ke5 79.
Kg4 Kf6 80. Ne3 Kg7 81. Nf5+ Kh7 82. Kg3 Kh8 83. Nxh6 Kg7 84. Nf5+ Kf6 85. Kg4
Kf7 86. Kxg5 Kg8 87. Kg6 Kh8 88. Nd6 Kg8 89. h6 Kh8 90. Nf7+ Kg8 91. h7+ Kf8
92. h8=Q+ 1-0

[Event "Russian Championship B15 1st league 2016"]
[Site "Loo"]
[Date "2016.04.22"]
[Round "3.27"]
[White "Novikov, Aleksey"]
[Black "Seleznev, Iliya"]
[Result "1-0"]
[WhiteElo "1823"]
[BlackElo "1632"]
[PlyCount "87"]
[EventDate "2016.04.20"]

1. e4 c5 2. Nf3 a6 3. d4 cxd4 4. Nxd4 e6 5. g3 Qc7 6. Bg2 b5 7. Be3 Bb7 8. O-O
Nf6 9. Nd2 d6 10. Re1 Be7 11. f4 Nbd7 12. Bf2 Rb8 13. c4 bxc4 14. Rc1 Nb6 15.
Nxc4 Nxc4 16. Qa4+ Qd7 17. Qxc4 Bxe4 18. Bxe4 Nxe4 19. Nc6 Nxf2 20. Nxb8 Nh3+
21. Kg2 Qb7+ 22. Qc6+ Qxc6+ 23. Rxc6 O-O 24. Nxa6 Nxf4+ 25. gxf4 d5 26. b4 Rd8
27. Rec1 g6 28. Rc8 Rxc8 29. Rxc8+ Kg7 30. Nc5 Bd6 31. Kf3 Kf6 32. b5 Kf5 33.
b6 Bxf4 34. b7 Bxh2 35. Na6 e5 36. Kg2 h5 37. b8=Q Bf4 38. Rf8 g5 39. Rxf7+ Ke4
40. Qb4+ d4 41. Nc5+ Kd5 42. Qb3+ Kxc5 43. Rc7+ Kd6 44. Qb6+ 1-0

[Event "Russian Championship B15 1st league 2016"]
[Site "Loo"]
[Date "2016.04.22"]
[Round "3.28"]
[White "Safin, Danis"]
[Black "Chursin, Aleksandr"]
[Result "1-0"]
[WhiteElo "1627"]
[BlackElo "1798"]
[PlyCount "133"]
[EventDate "2016.04.20"]

1. e4 c5 2. c3 d5 3. exd5 Qxd5 4. d4 e5 5. Nf3 e4 6. Ne5 cxd4 7. cxd4 Bb4+ 8.
Nc3 Nc6 9. Bc4 Qxd4 10. Qxd4 Nxd4 11. Nxf7 Nc2+ 12. Kd1 Nxa1 13. h3 Ke7 14.
Nxh8 Be6 15. Bg5+ Nf6 16. Bxe6 Kxe6 17. Bxf6 gxf6 18. Nxe4 Rxh8 19. Kc1 Rc8+
20. Kb1 Nc2 21. Rc1 Rc4 22. Ng3 Na3+ 23. bxa3 Rxc1+ 24. Kxc1 Bxa3+ 25. Kd2 Ke5
26. Kd3 b5 27. Ne2 Bb2 28. f4+ Kd5 29. g4 a5 30. h4 b4 31. g5 a4 32. f5 a3 33.
g6 hxg6 34. fxg6 Ke6 35. Kc4 f5 36. Kxb4 Kf6 37. h5 Kg5 38. Nf4 Kh6 39. Kc4 Be5
40. Ne6 Kxh5 41. g7 Bxg7 42. Nxg7+ Kg4 43. Kd3 f4 44. Ke2 f3+ 45. Ke3 f2 46.
Kxf2 Kf4 47. Ke2 Ke4 48. Kd2 Kd4 49. Kc2 Kc4 50. Nh5 Kb4 51. Kd3 Ka5 52. Kc3
Ka4 53. Kc4 Ka5 54. Kb3 Kb5 55. Kxa3 Ka5 56. Kb3 Kb5 57. a4+ Ka5 58. Ka3 Ka6
59. Kb4 Kb6 60. a5+ Ka6 61. Ka4 Ka7 62. Kb5 Kb7 63. a6+ Ka7 64. Ka5 Ka8 65. Kb6
Kb8 66. Nf6 Ka8 67. Nd5 1-0

[Event "Russian Championship B15 1st league 2016"]
[Site "Loo"]
[Date "2016.04.22"]
[Round "3.29"]
[White "Foshenko, Kirill"]
[Black "Sheletun, Yakov"]
[Result "0-1"]
[WhiteElo "1620"]
[BlackElo "1790"]
[PlyCount "46"]
[EventDate "2016.04.20"]

1. Nf3 Nf6 2. g3 g6 3. Bg2 Bg7 4. O-O O-O 5. c4 Nc6 6. d4 d5 7. cxd5 Nxd5 8. e4
Nb6 9. e5 Bg4 10. Be3 Nc4 11. Qc2 Nxe3 12. fxe3 Bf5 13. Qe2 Nb4 14. Ne1 c5 15.
a3 Nc6 16. Bxc6 bxc6 17. Rxf5 gxf5 18. Nc2 cxd4 19. Nxd4 e6 20. Nxc6 Qc7 21.
Nb4 Qc1+ 22. Kg2 Rfd8 23. Nd3 Rxd3 0-1